000 00296nam a22001217a 4500
008 170615b xxu||||| |||| 00| 0 eng d
041 _aeng
080 _a32
100 _a19
101 _ashp
245 _aTHE LIMITS POLITICS COLLECTIVE AND POLITICAL CHANGE
_cBENJAMIN,R
942 _2udc
_cBK
999 _c17438
_d17438